Kybernetika v praxi /
Na minha lista:
| Autor principal: | |
|---|---|
| Formato: | Livro |
| Idioma: | eslovaco |
| Publicado em: |
Bratislava :
Obzor,
1983
|
| Edição: | 1. vyd. |
| Assuntos: | |
| Tags: |
Sem tags, seja o primeiro a adicionar uma tag!
|
MARC
| LEADER | 00000nam a22000003a 4500 | ||
|---|---|---|---|
| 001 | stu37367 | ||
| 005 | 20150617225723.4 | ||
| 008 | 920709s1983----cs------------------slo-d | ||
| 040 | |a STU |b slo | ||
| 041 | 0 | |a slo | |
| 044 | |a cs | ||
| 080 | |a 681.51 | ||
| 100 | 1 | |a Jassinger, Alfréd |4 aut | |
| 245 | 1 | |a Kybernetika v praxi / |c [aut.]Alfréd Jassinger | |
| 250 | |a 1. vyd. | ||
| 260 | |a Bratislava : |b Obzor, |c 1983 | ||
| 300 | |a 281 s | ||
| 650 | 7 | |a kybernetika |2 stusub | |
| 996 | |b 284M019729 |c M*2700-1 |l MMKN |s A |a 24 |w stu37367_0001 | ||
| 996 | |b 284M019728 |c M*2700-2 |l MMKN |s A |a 24 |w stu37367_0002 | ||
| 996 | |b 284M019730 |c M*2700-3 |l MMKN |s A |a 24 |w stu37367_0003 | ||